[Event "Moscow RGGU-ch 10th"]
[Site "Moscow"]
[Date "2021.03.27"]
[Round "2"]
[White "Volkov, Aleksandr S"]
[Black "Zaitsev, Pavel"]
[Result "1-0"]
[WhiteElo "1670"]
[BlackElo "1336"]
[PlyCount "105"]
[EventDate "2021.03.20"]
[EventType "swiss"]
[EventRounds "7"]
[EventCountry "RUS"]
[SourceTitle "EXT 2022"]
[Source "ChessBase"]
[SourceDate "2021.10.06"]
[SourceVersion "1"]
[SourceVersionDate "2021.10.06"]
[SourceQuality "1"]

1. d4 c6 2. e4 d5 3. exd5 cxd5 4. Nf3 Nf6 5. h3 Bf5 6. Nc3 e6 7. Be2 Be7 8. 0-0 0-0 9. Nh4 Bg6 10. Nxg6 hxg6 11. Be3 Nc6 12. a3 Na5 13. Qd2 Rc8 14. Rfc1 Nc4 15. Bxc4 Rxc4 16. b3 Rc6 17. f3 a6 18. Nd1 b5 19. Nb2 Qc7 20. Bf4 Qb6 21. a4 b4 22. a5 Qa7 23. Be3 Rfc8 24. Nd3 Rc3 25. Ra2 Nd7 26. Kh1 Nb8 27. Qe1 Qb7 28. Bd2 R3c7 29. Nxb4 Bxb4 30. Bxb4 Nc6 31. Bc5 Qb5 32. c4 Qxb3 33. Ra3 Qb2 34. Rb1 Qc2 35. cxd5 exd5 36. Rb6 Qc4 37. Rc3 Qa4 38. Ra3 Qc4 39. Qd1 Kh7 40. Ra4 Qc3 41. Rb3 Qxb3 42. Qxb3 Rd7 43. Qd3 Nb8 44. Ra2 Rb7 45. Bb6 Rc4 46. Rc2 Ra4 47. Rc7 Rxc7 48. Bxc7 Nc6 49. Qxa6 Nxd4 50. Qd3 Ne6 51. Bb6 Nf4 52. Qd2 g5 53. Qc2+ 1-0